000 02667cam a22005774i 4500
003 PE-LiUPU
005 20250731180107.0
008 150526s2012 mx a rb 000 0 spa d
020 _a9786074817201
035 _a(Sirsi) i9786074817201
040 _aPE-LiUPU
_bspa
_cPE-LiUPU
_erda
049 _aPRUA
082 0 4 _a577
_bC18
100 1 _aCalixto Flores, Raúl,
_d1935- ,
_eautor.
245 1 0 _aEcología y medio ambiente /
_cRaúl Calixto Flores, Lucila Herrera Reyes, Verónica Daniela Hernández Guzmán.
246 1 4 _aEcología y medio ambiente :
_b[con enfoque en competencias] : [sexto semestre]
264 1 _aMéxico :
_bCengage Learning,
_c2012.
300 _axii-208 páginas :
_bilustraciones ;
_c25 centímetros
336 _atext
_2rdacontent
337 _aunmediated
_2rdamedia
338 _avolume
_2rdacarrier
490 0 _aCampo de ciencias experimentales
504 _aBibliografía al final de cada bloque.
505 0 _aAplica los conocimientos básicos de la Ecología -- Definición de ecología -- Historia de la ecología -- Factores ambientales -- Población -- Comunidad -- Ecosistema -- Biosfera -- Identifica los principales problemas ecológicos para actuar con propuestas de solución -- Impacto ambiental -- Problemas globales -- Áreas naturales protegidas en México -- Legislación ambiental -- Desarrollo sostenible o sustentable -- Elabora proyectos de Educación Ambiental en su entorno social -- Contaminación ambiental y sus efectos en la salud -- Contaminación atmosférica -- Generación de residuos -- Contaminación por ruido -- Contaminación visual -- Energías limpias -- Ecotecnologías.
526 _aSEG44
526 _aSEG26
526 _aP159
526 _aP155
526 _aP154
526 _aP153
526 _aP150
526 _aP100
526 _aP31
526 _aP30
526 _aP26
526 _aP25
526 _aP24
526 _aP22
526 _aP15
526 _aP10
541 _g043-0014406;
650 1 4 _aEcología.
_92193
700 1 _aHernández Guzmán, Verónica Daniela,
_eautor.
700 1 _aHerrera Reyes, Lucila,
_eautor.
910 _ardg
_bjck
_crdg
_d20150526
942 _2ddc
_cBOOK
949 _a577 C18
_wDEWEY
_c1
_i71294
_lCCODEBUL1
_mBUL
_p19.58
_r0
_sY
_tBOOK
_u2015-5-26
_xINGENIERIA
_PP24
_0COMPRA
_o.STAFF. Colección General
994 _aC0
_bPEPRU
596 _a1
999 _a577 C18
_wDEWEY
_c20074
_i71294
_d20074
_e2017-8-16
_f2021-11-9
_g7
_lCCODEBUL1
_mBUL
_n2
_p19.58
_q1
_r0
_sY
_tBOOK
_u2015-5-26
_xINGENIERIA
_PP24
_0COMPRA
_o.STAFF. Colección General
980 _81
_gALBERTO SANCHEZ Responsable de Automatización